[Event "Benasque op"]
[Site "?"]
[Date "1996.07.11"]
[EventDate "1996.??.??"]
[Round "6"]
[Result "1-0"]
[White "Keith Arkell"]
[Black "Antoaneta Stefanova"]
[WhiteElo "2545"]
[BlackElo "2365"]
[PlyCount "113"]

1. d4 d5 2. c4 c6 3. Nf3 Nf6 4. Nc3 dxc4 5. a4 Na6 6. e3 Be6
7. Ng5 Qd7 8. a5 Nb4 9. Ra4 Nd3+ 10. Bxd3 cxd3 11. Nxe6 Qxe6
12. Qxd3 g6 13. a6 b5 14. Ra1 Rb8 15. O-O Bg7 16. f3 Rb6
17. Qb1 O-O 18. Bd2 b4 19. Na4 Rb5 20. Nc5 Qd6 21. Qc2 Nd7
22. Nb7 Qd5 23. Rac1 Rc8 24. Qc4 Qxc4 25. Rxc4 b3 26. Ra1 Nb8
27. Nc5 e5 28. dxe5 Bxe5 29. Bc3 Re8 30. e4 Rb6 31. Bxe5 Rxe5
32. Ra3 Rb5 33. Nxb3 Rb6 34. Nd4 c5 35. Ra5 Nxa6 36. Nb5 Re7
37. Rca4 Reb7 38. Nc3 Nb8 39. Nd1 Rd6 40. Ra1 Nd7 41. Ne3 Rd3
42. R1a3 Rd4 43. Rxa7 Rxb2 44. h4 h5 45. Rc7 Re2 46. Nd5 Rdd2
47. Nf4 Re1+ 48. Kh2 Red1 49. Kg3 Kg7 50. Raa7 Ne5 51. Nd5 c4
52. Re7 Rxd5 53. exd5 Rxd5 54. Rec7 Rd3 55. Kf4 Rd5 56. Ke4
Rb5 57. f4 1-0

[Event "Tunis"]
[Site "Tunis TUN"]
[Date "1999.??.??"]
[EventDate "?"]
[Round "2"]
[Result "1-0"]
[White "Antoaneta Stefanova"]
[Black "Ilaha Kadimova"]
[WhiteElo "2440"]
[BlackElo "2360"]
[PlyCount "55"]

1.d4 d6 2.e4 Nf6 3.Nc3 g6 4.Bf4 Nbd7 5.Nf3 c6 6.e5 Nh5 7.Be3
Nb6 8.Bd3 Ng7 9.exd6 Qxd6 10.Ne4 Qd8 11.Bh6 Ne6 12.Bxf8 Kxf8
13.Bf1 Qd5 14.Nc3 Qa5 15.Qd2 Kg7 16.h4 Qf5 17.h5 h6 18.hxg6
fxg6 19.Bd3 Qf4 20.Qe2 Qf6 21.g3 Rf8 22.Qe3 h5 23.Ne5 Rd8
24.Ne4 Qf8 25.Nxg6 Kxg6 26.Ng5+ Kg7 27.Nxe6+ Bxe6 28.Qg5+ 1-0

[Event "Cappelle la Grande"]
[Site "Cappelle la Grande FRA"]
[Date "1999.02.16"]
[EventDate "?"]
[Round "4"]
[Result "1-0"]
[White "Anthony Miles"]
[Black "Antoaneta Stefanova"]
[WhiteElo "2609"]
[BlackElo "2452"]
[PlyCount "113"]

1. Nf3 d5 2. b3 Nf6 3. Bb2 c5 4. e3 Nc6 5. Bb5 a6 6. Bxc6+
bxc6 7. d3 a5 8. Nc3 e6 9. Na4 Nd7 10. O-O Qc7 11. e4 dxe4
12. dxe4 c4 13. Re1 e5 14. Nd2 cxb3 15. cxb3 Be7 16. Nc4 O-O
17. Rc1 Ba6 18. Qh5 f6 19. Qg4 Rf7 20. Red1 Nf8 21. Ncb6 Rb8
22. Nd5 Qb7 23. Nxe7+ Qxe7 24. Nc5 Bc8 25. Qe2 h6 26. Ba3 Ra8
27. Qb2 Qc7 28. Qc3 Ng6 29. Qc4 Nf4 30. g3 Nh3+ 31. Kg2 h5
32. Rd2 h4 33. Rcd1 Kh7 34. Ne6 Bxe6 35. Qxe6 Ng5 36. Qg4 h3+
37. Kh1 Qc8 38. Qe2 g6 39. Rd6 a4 40. b4 Kg7 41. f4 Ne6
42. Qg4 Nf8 43. f5 Qa6 44. Qxh3 Qc4 45. Qg2 Qc3 46. R6d3 Qc4
47. h4 gxf5 48. exf5 Re8 49. Kh2 Rc7 50. Qe2 Kg8 51. Re3 Qf7
52. Rc3 Nd7 53. b5 c5 54. Rd6 Rb8 55. Kh3 c4 56. Rc6 Rcb7
57. Bd6 1-0

[Event "VI Aceimar Open"]
[Site "Mondariz Balneario ESP"]
[Date "1999.07.30"]
[EventDate "1999.07.27"]
[Round "4"]
[Result "1-0"]
[White "Oleg Korneev"]
[Black "Antoaneta Stefanova"]
[WhiteElo "2615"]
[BlackElo "2444"]
[PlyCount "80"]

1. e4 d5 2. exd5 Qxd5 3. Nc3 Qa5 4. d4 c6 5. Nf3 Bf5 6. Bd2 e6
7. Ne5 Qb6 8. Qe2 Nf6 9. O-O-O Qxd4 10. Bg5 Qc5 11. g4 Bg6
12. h4 Be7 13. f4 Nd5 14. Nxd5 cxd5 15. Bxe7 Qxe7 16. f5 exf5
17. Re1 O-O 18. Qd2 Qd6 19. h5 Nc6 20. Nxc6 bxc6 21. hxg6 fxg6
22. g5 Rae8 23. Bd3 Qg3 24. Reg1 Qe3 25. Rg2 c5 26. Rgh2 c4
27. Bf1 f4 28. Rxh7 Qxd2+ 29. Kxd2 Rf5 30. Rh8+ Kf7 31. Rxe8
Kxe8 32. Rh4 Ke7 33. b3 cxb3 34. axb3 Kd6 35. Bd3 Rxg5
36. Rxf4 Rg2+ 37. Ke3 Ke5 38. Rf7 g5 39. Re7+ Kf6 40. Rxa7 g4
1-0

[Event "1st Fraenkische GM"]
[Site "Pulvermuele GER"]
[Date "2000.??.??"]
[EventDate "?"]
[Round "5"]
[Result "0-1"]
[White "Antoaneta Stefanova"]
[Black "Peter K Wells"]
[WhiteElo "2495"]
[BlackElo "2483"]
[PlyCount "102"]

1. d4 d5 2. c3 e6 3. Nf3 c5 4. Bf4 Nc6 5. e3 Bd6 6. Bg3 Nf6
7. Nbd2 O-O 8. Bd3 Qe7 9. Ne5 Bxe5 10. dxe5 Nd7 11. f4 f6
12. Nf3 fxe5 13. fxe5 c4 14. Bc2 Nc5 15. Qb1 Nd3+ 16. Bxd3
cxd3 17. Qxd3 Bd7 18. e4 dxe4 19. Qxe4 Qc5 20. Ng5 Rf5
21. O-O-O Qe7 22. Nf3 Be8 23. Rd6 Bg6 24. Qc4 Re8 25. Rhd1 Bh5
26. Rd7 Qf8 27. Qh4 Bxf3 28. gxf3 Rxf3 29. Rxb7 Ne7 30. Rdd7
Rf1+ 31. Kc2 Nf5 32. Qg5 Rc8 33. Rxa7 Kh8 34. Rab7 Qe8 35. Kd2
h6 36. Qg4 Rd8 37. Qa4 Rxd7+ 38. Qxd7 Qh5 39. Kc2 Rd1 40. Qxe6
Qe2+ 41. Kb3 Nd4+ 42. cxd4 Qf3+ 43. Ka4 Qxb7 44. Qd6 Qe4
45. b4 Rxd4 46. Qc5 Qd3 47. Qc6 Rd5 48. b5 Qd2 49. Bf2 Rd3
50. Qc4 Rf3 51. Bg3 Rc3 0-1

[Event "Mancha Real Open 3rd"]
[Site "Mancha Real"]
[Date "2000.07.21"]
[EventDate "?"]
[Round "5"]
[Result "0-1"]
[White "Salvador Gabriel Del Rio Angelis"]
[Black "Antoaneta Stefanova"]
[WhiteElo "2524"]
[BlackElo "2514"]
[PlyCount "100"]

1. e4 d5 2. exd5 Qxd5 3. d4 Nc6 4. Nf3 Bg4 5. Be2 O-O-O 6. c4
Qh5 7. O-O Nf6 8. Be3 e5 9. h3 exd4 10. hxg4 Nxg4 11. Bg5 Rd7
12. Bh4 f5 13. g3 h6 14. Nh2 Nce5 15. f4 d3 16. fxe5 Bc5+
17. Kh1 dxe2 18. Qxe2 Rd1 19. Nc3 Rxa1 20. Rxa1 g5 21. Nxg4
fxg4 22. Nd5 gxh4 23. Nf6 Qg5 24. b4 Bd4 25. Rd1 Bxe5 26. Nd7
Re8 27. Rd5 Qc1+ 28. Rd1 Qg5 29. Rd5 hxg3 30. Nxe5 c6 31. Rc5
Kc7 32. b5 Qh4+ 33. Kg1 Qh2+ 34. Qxh2 gxh2+ 35. Kxh2 Kd6
36. Nd3 Re3 37. bxc6 bxc6 38. Rh5 Rxd3 39. c5+ Kc7 40. Rxh6
Rh3+ 41. Rxh3 gxh3 42. Kxh3 Kd7 43. Kg4 Ke6 44. Kf4 Kd5
45. Ke3 Kxc5 46. Kd3 Kb4 47. Kc2 Kc4 48. Kd2 Kd4 49. Kc2 c5
50. Kd2 c4 0-1

[Event "WCC"]
[Site "Shenyang"]
[Date "2000.09.03"]
[EventDate "?"]
[Round "3"]
[Result "1-0"]
[White "Antoaneta Stefanova"]
[Black "Knarik Jacob Mouradian"]
[WhiteElo "2514"]
[BlackElo "2000"]
[PlyCount "49"]

1. d4 Nf6 2. Nf3 d5 3. Bf4 g6 4. e3 Bg7 5. Be2 O-O 6. Nc3 c5
7. dxc5 Qa5 8. Nd2 Qxc5 9. Nb3 Qb6 10. Nb5 Ne8 11. Qxd5 Bxb2
12. Rb1 Bg7 13. O-O Nc6 14. Nc5 Nf6 15. Qc4 Na5 16. Qb4 Nd5
17. Qa3 Nxf4 18. exf4 Rd8 19. Bd3 Rd5 20. Na4 Qd8 21. Be4 Nc4
22. Qb4 Rxb5 23. Qxb5 Na3 24. Rbd1 Qxd1 25. Qe8+ 1-0

[Event "Salou"]
[Site "Salou ESP"]
[Date "2000.10.16"]
[EventDate "2000.10.16"]
[Round "1"]
[Result "1-0"]
[White "Antoaneta Stefanova"]
[Black "Jordan Ivanov"]
[WhiteElo "2514"]
[BlackElo "2461"]
[PlyCount "56"]

1. d4 Nf6 2. Bg5 Ne4 3. h4 d5 4. Nd2 Nxg5 5. hxg5 c5 6. dxc5
e5 7. e4 Bxc5 8. Nb3 d4 9. Nxc5 Qa5+ 10. c3 Qxc5 11. cxd4 exd4
12. Rc1 Qb4+ 13. Qd2 Qxd2+ 14. Kxd2 Nc6 15. Bb5 Bd7 16. Nf3
O-O 17. Rh4 Rad8 18. Rch1 h6 19. gxh6 g6 20. Bc4 Be6 21. Bxe6
fxe6 22. Rg4 Ne7 23. Rc1 Rc8 24. Rxc8 Rxc8 25. Nxd4 Rd8
26. Ke3 Rd6 27. Nf3 Rb6 28. Rg5 Rxb2 1-0

[Event "Salou"]
[Site "Salou ESP"]
[Date "2000.10.21"]
[EventDate "2000.10.16"]
[Round "5"]
[Result "1/2-1/2"]
[White "Hichem Hamdouchi"]
[Black "Antoaneta Stefanova"]
[WhiteElo "2541"]
[BlackElo "2514"]
[PlyCount "26"]

1. Nf3 Nf6 2. c4 c6 3. Nc3 d5 4. e3 g6 5. d4 Bg7 6. Bd3 O-O
7. h3 a6 8. O-O b5 9. b3 Nbd7 10. cxd5 cxd5 11. Bb2 Bb7
12. Qe2 Rc8 13. Rfc1 Ne4 1/2-1/2

[Event "Salou"]
[Site "Salou ESP"]
[Date "2000.10.22"]
[EventDate "2000.10.16"]
[Round "6"]
[Result "1-0"]
[White "Antoaneta Stefanova"]
[Black "Joan Carlos Montell Lorenzo"]
[WhiteElo "2514"]
[BlackElo "2327"]
[PlyCount "77"]

1. d4 f5 2. Nc3 Nf6 3. Bg5 d5 4. f3 Nbd7 5. Qd3 e6 6. O-O-O
Be7 7. Nh3 O-O 8. e4 Nb6 9. exf5 exf5 10. Nf4 h6 11. Bxf6 Rxf6
12. h4 c6 13. Qe3 Bd6 14. h5 Bd7 15. Ng6 Qc7 16. Kb1 Re8
17. Qd2 Nc8 18. f4 b5 19. Bd3 Nb6 20. Rde1 Rb8 21. Nd1 Nc4
22. Qf2 Qa5 23. Re2 Bb4 24. c3 Bd6 25. Ne5 Qc7 26. Ne3 Nxe3
27. Qxe3 b4 28. c4 b3 29. a3 dxc4 30. Bxc4+ Be6 31. Bxe6+ Rxe6
32. Qd3 Rf6 33. Rc1 Rb6 34. Qc4+ Kh7 35. Ng6 Qd8 36. g3 Qg8
37. Qxg8+ Kxg8 38. Re8+ Kf7 39. Rce1 1-0

[Event "Salou"]
[Site "Salou ESP"]
[Date "2000.10.23"]
[EventDate "2000.10.16"]
[Round "7"]
[Result "1/2-1/2"]
[White "Dimitri Tyomkin"]
[Black "Antoaneta Stefanova"]
[WhiteElo "2522"]
[BlackElo "2514"]
[PlyCount "25"]

1. d4 d5 2. Nf3 Nf6 3. Bg5 Ne4 4. Bf4 c5 5. e3 Qb6 6. Qc1 Nc6
7. c3 Bf5 8. Nbd2 h6 9. Be2 e6 10. Nxe4 Bxe4 11. O-O Rc8
12. Qd2 Be7 13. Ne5 1/2-1/2

[Event "Salou"]
[Site "Salou ESP"]
[Date "2000.10.24"]
[EventDate "2000.10.16"]
[Round "8"]
[Result "1/2-1/2"]
[White "Antoaneta Stefanova"]
[Black "Artur Kogan"]
[WhiteElo "2514"]
[BlackElo "2504"]
[PlyCount "24"]

1. d4 c5 2. c3 b6 3. Bg5 Bb7 4. e3 Na6 5. Nd2 Nc7 6. Ngf3 Ne6
7. Bh4 Nh6 8. e4 cxd4 9. cxd4 Nf4 10. Bg5 Ne6 11. Bh4 Nf4
12. Bg5 Ne6 1/2-1/2

[Event "34th Olympiad"]
[Site "Istanbul TUR"]
[Date "2000.10.29"]
[EventDate "2000.10.28"]
[Round "2"]
[Result "1-0"]
[White "Constantin Ionescu"]
[Black "Antoaneta Stefanova"]
[WhiteElo "2492"]
[BlackElo "2514"]
[PlyCount "47"]

1. c4 b6 2. Nf3 Bb7 3. g3 e6 4. Bg2 Nf6 5. O-O Be7 6. Nc3 O-O
7. Re1 Ne4 8. Nxe4 Bxe4 9. d3 Bb7 10. e4 d5 11. exd5 exd5
12. Ne5 Nd7 13. Bf4 Bb4 14. Re2 Nxe5 15. Bxe5 f6 16. Bf4 Bd6
17. Bxd6 Qxd6 18. Qb3 Rad8 19. Rae1 Rd7 20. Re6 Qc5 21. Qa4
Rdf7 22. Qxa7 c6 23. cxd5 cxd5 24. Qxb6 1-0

[Event "34th Olympiad"]
[Site "Istanbul TUR"]
[Date "2000.10.30"]
[EventDate "2000.10.28"]
[Round "3"]
[Result "0-1"]
[White "Atanas Kizov"]
[Black "Antoaneta Stefanova"]
[WhiteElo "2306"]
[BlackElo "2514"]
[PlyCount "94"]

1. d4 d5 2. c4 c6 3. Nf3 Nf6 4. Nc3 a6 5. c5 Nbd7 6. Bf4 Nh5
7. e3 g6 8. Bd3 Bg7 9. O-O O-O 10. Bg5 Re8 11. Re1 Qc7 12. e4
dxe4 13. Nxe4 Ndf6 14. Nxf6+ Nxf6 15. Bc4 Nd5 16. Qd2 Bg4
17. Ne5 Be6 18. Bh6 Bf6 19. Re4 Rad8 20. Rae1 Qc8 21. Bg5 Bg7
22. Bh6 Bf6 23. Bg5 Bh8 24. Bh6 Nc7 25. Bxe6 Qxe6 26. b3 Qd5
27. Qb4 Nb5 28. Nf3 Nxd4 29. Nxd4 Bxd4 30. Qxb7 Bc3 31. Qxa6
Bxe1 32. Rxe1 Qxc5 33. Be3 Qc2 34. h3 Ra8 35. Qb7 Qe4 36. Re2
f5 37. Qc7 Rac8 38. Qg3 e5 39. f3 Qb1+ 40. Re1 Qxa2 41. Bh6
Qa7+ 42. Kh2 Qd4 43. Rc1 Qd5 44. Ra1 Ra8 45. Rc1 Rab8 46. Qg5
Rxb3 47. Qf6 Rb7 0-1

[Event "TCh-FRA"]
[Site "Bordeaux FRA"]
[Date "2001.02.02"]
[EventDate "2001.02.02"]
[Round "1"]
[Result "1/2-1/2"]
[White "Antoaneta Stefanova"]
[Black "Maxence Godard"]
[WhiteElo "2479"]
[BlackElo "2377"]
[PlyCount "170"]

1. Nf3 Nf6 2. g3 b6 3. Bg2 Bb7 4. O-O c5 5. c4 g6 6. e3 Bg7
7. d4 O-O 8. b3 cxd4 9. exd4 d5 10. Ne5 Qc8 11. Qf3 Nc6
12. Bb2 Na5 13. Qe2 dxc4 14. Bxb7 Qxb7 15. bxc4 Ne4 16. d5 Nd6
17. Na3 Rac8 18. Rac1 Rfe8 19. Ng4 h5 20. Bxg7 Kxg7 21. Qe5+
Kh7 22. Ne3 Qd7 23. f4 Nf5 24. Nxf5 Qxf5 25. Qxf5 gxf5 26. Nb5
a6 27. d6 Rg8 28. Nc7 exd6 29. Nd5 Rgd8 30. Nxb6 Rc5 31. Rfd1
Kg7 32. Rd5 Rc6 33. c5 Rb8 34. Na4 Rb4 35. Nc3 Rxc5 36. Rxc5
dxc5 37. Nd5 Rc4 38. Rb1 Nc6 39. Ne3 Rb4 40. Rc1 Nd4 41. Rxc5
Rb1+ 42. Nf1 Rb2 43. a3 Nf3+ 44. Kh1 Rf2 45. Rd5 h4 46. gxh4
Kg6 47. h5+ Kxh5 48. Rxf5+ Kg6 49. Rd5 Kf6 50. a4 Ke6 51. Ra5
Rxf1+ 52. Kg2 Nd2 53. Rxa6+ Kf5 54. Ra7 f6 55. Rd7 Rd1 56. Rd4
Nf1 57. Rxd1 Ne3+ 58. Kf3 Nxd1 59. a5 Nc3 60. a6 Nb5 61. h4
Ke6 62. Kg4 Kf7 63. Kf5 Nd6+ 64. Kg4 Nb5 65. Kf5 Nd6+ 66. Kg4
Nb5 67. h5 Na7 68. Kf5 Nc8 69. Kg4 Kg7 70. Kf5 Kf7 71. h6 Nd6+
72. Kg4 Nb5 73. Kh5 Na7 74. f5 Nb5 75. h7 Kg7 76. h8=Q+ Kxh8
77. Kh6 Kg8 78. Kg6 Kf8 79. Kxf6 Na7 80. Ke6 Nb5 81. Kd7 Na7
82. Kc7 Nb5+ 83. Kc6 Na7+ 84. Kb6 Nc8+ 85. Kb7 Nd6+ 1/2-1/2

[Event "TCh-FRA"]
[Site "Bordeaux FRA"]
[Date "2001.02.03"]
[EventDate "2001.02.02"]
[Round "2"]
[Result "1-0"]
[White "Davoud Pira"]
[Black "Antoaneta Stefanova"]
[WhiteElo "2449"]
[BlackElo "2479"]
[PlyCount "54"]

1. d4 d5 2. Nf3 Nf6 3. c4 c6 4. e3 Bf5 5. Bd3 Bxd3 6. Qxd3 e6
7. O-O Nbd7 8. Nbd2 Be7 9. e4 dxe4 10. Nxe4 Nxe4 11. Qxe4 O-O
12. Bf4 Qb6 13. c5 Qd8 14. Rfe1 a5 15. Rac1 Nf6 16. Qc2 Qd5
17. Qa4 Nd7 18. a3 Rfc8 19. Rc3 b6 20. Qc2 Bf6 21. cxb6 Nxb6
22. Be5 Na4 23. Bxf6 gxf6 24. Re4 Rab8 25. Rg4+ Kf8 26. Qxh7
Ke7 27. Rg7 Rf8 1-0

[Event "TCh-FRA"]
[Site "Bordeaux FRA"]
[Date "2001.02.04"]
[EventDate "2001.02.02"]
[Round "3"]
[Result "1-0"]
[White "Antoaneta Stefanova"]
[Black "Arnaud Rainfray"]
[WhiteElo "2479"]
[BlackElo "2390"]
[PlyCount "117"]

1. Nf3 d5 2. g3 Nf6 3. Bg2 e6 4. O-O Be7 5. d4 O-O 6. c4 dxc4
7. Qc2 a6 8. a4 Bd7 9. Qxc4 Bc6 10. a5 Bd5 11. Qd3 c5 12. dxc5
Bxc5 13. Nc3 Bc6 14. Qc4 Nbd7 15. e4 Rc8 16. Qe2 Qc7 17. Bf4
e5 18. Bd2 Bb4 19. Rfc1 Qd6 20. Nh4 Nc5 21. Nf5 Qe6 22. Nd5
Bb5 23. Qe3 Bxd2 24. Qxd2 Ncxe4 25. Nde7+ Kh8 26. Qb4 Rce8
27. Bxe4 Nxe4 28. Qxe4 g6 29. Rc5 f6 30. Nxg6+ hxg6 31. Qh4+
Kg8 32. Rc7 Bd7 33. Rd1 Rd8 34. Ne3 Rf7 35. Qc4 Qxc4 36. Nxc4
Rc8 37. Rcxd7 Rxc4 38. Rxf7 Kxf7 39. Rd7+ Ke6 40. Rxb7 Kf5
41. Rb6 Rc2 42. h3 e4 43. Kf1 g5 44. h4 gxh4 45. gxh4 Kg4
46. Rxf6 Rxb2 47. Rxa6 Kxh4 48. Ra8 Rb7 49. a6 Rg7 50. Re8 Kh3
51. Rxe4 Rg1+ 52. Ke2 Ra1 53. Re6 Kg4 54. Kd3 Ra2 55. Kc4 Kf5
56. Rh6 Ke5 57. Kb5 Rxf2 58. a7 Rf8 59. Rb6 1-0

[Event "Israel Open Ch"]
[Site "Tel Aviv ISR"]
[Date "2001.04.10"]
[EventDate "2001.04.09"]
[Round "2"]
[Result "1/2-1/2"]
[White "Michael Lurie"]
[Black "Antoaneta Stefanova"]
[WhiteElo "2287"]
[BlackElo "2473"]
[PlyCount "68"]

1. e4 e5 2. Nf3 Nc6 3. Bb5 a6 4. Ba4 Nf6 5. O-O b5 6. Bb3 Bb7
7. Ng5 d5 8. exd5 Nd4 9. Re1 Bd6 10. Nf3 O-O 11. d3 Nxd5
12. Nbd2 Nf4 13. Ne4 Nxf3+ 14. Qxf3 Kh8 15. Bxf4 exf4 16. Qh3
f5 17. Nxd6 cxd6 18. Qh5 Rf6 19. d4 f3 20. gxf3 Rg6+ 21. Kf1
Rh6 22. Qf7 Bxf3 23. Bd5 Bxd5 24. Qxd5 Rxh2 25. Re6 Rc8
26. Rae1 Qf8 27. Kg1 Rh6 28. Rxh6 gxh6 29. c3 Qg7+ 30. Kf1 Rg8
31. Re6 Qg4 32. Ke1 Qf4 33. Ke2 Qg4+ 34. Ke1 Qf4 1/2-1/2

[Event "Israel Open Ch"]
[Site "Tel Aviv ISR"]
[Date "2001.04.12"]
[EventDate "2001.04.09"]
[Round "4"]
[Result "1-0"]
[White "Erik van den Doel"]
[Black "Antoaneta Stefanova"]
[WhiteElo "2574"]
[BlackElo "2473"]
[PlyCount "109"]

1. e4 e5 2. Nf3 Nc6 3. Bb5 a6 4. Ba4 Nf6 5. O-O b5 6. Bb3 Bb7
7. d3 Bc5 8. a4 O-O 9. Nc3 Na5 10. axb5 Nxb3 11. cxb3 axb5
12. Rxa8 Bxa8 13. Nxe5 d5 14. Bg5 dxe4 15. dxe4 Qxd1 16. Rxd1
b4 17. Bxf6 bxc3 18. bxc3 gxf6 19. Nd7 Bd6 20. Nxf8 Kxf8
21. f3 Bc6 22. Kf2 h5 23. h4 Kg7 24. c4 Kg6 25. Ra1 Bd7
26. Ra6 Bc8 27. Ra8 Be6 28. Ra5 Bb4 29. Ra8 Bd6 30. Ke3 f5
31. exf5+ Bxf5 32. Kd4 Kf6 33. Rh8 Bg6 34. Kd5 Kg7 35. Re8 Bg3
36. Kc6 Bd3 37. Rd8 Bf1 38. Rd1 Be2 39. Rd5 Kh6 40. c5 Bf1
41. Rd2 Kg6 42. b4 Kf5 43. Rb2 Be5 44. Rf2 Bc4 45. Rc2 Bb3
46. Re2 Bg3 47. b5 Bc4 48. Rd2 Bf1 49. b6 cxb6 50. cxb6 Bxh4
51. b7 Bg3 52. Rd6 Bxg2 53. b8=Q Bxf3+ 54. Kc5 Bxd6+ 55. Qxd6
1-0

[Event "Israel Open Ch"]
[Site "Tel Aviv ISR"]
[Date "2001.04.13"]
[EventDate "2001.04.09"]
[Round "5"]
[Result "1-0"]
[White "Antoaneta Stefanova"]
[Black "Uriel Zak"]
[WhiteElo "2473"]
[BlackElo "2335"]
[PlyCount "67"]

1. Nf3 Nf6 2. g3 d5 3. Bg2 c6 4. O-O Bg4 5. d3 Nbd7 6. Qe1 e5
7. e4 dxe4 8. dxe4 Bc5 9. Nbd2 O-O 10. h3 Bh5 11. Nc4 Re8
12. a4 Qc7 13. Nh4 Bf8 14. b3 Rad8 15. Bb2 h6 16. Kh1 Bc5
17. b4 Bf8 18. Ne3 Qd6 19. Bc3 c5 20. b5 Qb8 21. Nc4 Nb6
22. Nd2 Nc8 23. f4 exf4 24. gxf4 Nd5 25. Be5 Rxe5 26. fxe5 Nb4
27. Rc1 Qxe5 28. Nc4 Qe6 29. Ne3 Nb6 30. Nhf5 Nc4 31. Nxc4
Qxc4 32. Qh4 Re8 33. Qxh5 g6 34. Qg4 1-0

[Event "Israel Open Ch"]
[Site "Tel Aviv ISR"]
[Date "2001.04.14"]
[EventDate "2001.04.09"]
[Round "6"]
[Result "1/2-1/2"]
[White "Gleb Kaganskiy"]
[Black "Antoaneta Stefanova"]
[WhiteElo "2316"]
[BlackElo "2473"]
[PlyCount "81"]

1. d4 d5 2. c4 c6 3. cxd5 cxd5 4. Nf3 Nf6 5. Nc3 Nc6 6. Bf4 a6
7. e3 Bg4 8. Be2 e6 9. Ne5 Bxe2 10. Qxe2 Rc8 11. O-O Be7
12. Rfc1 O-O 13. Na4 Nxe5 14. Bxe5 Nd7 15. Bg3 Qa5 16. Qd1 b5
17. Nc3 Nb6 18. Ne2 Rxc1 19. Nxc1 Rc8 20. Nd3 b4 21. h3 Qb5
22. Rc1 Rxc1 23. Qxc1 Qc4 24. b3 Qxc1+ 25. Nxc1 Nc8 26. Bb8
Bd6 27. Bxd6 Nxd6 28. Nd3 a5 29. Kf1 Kf8 30. Ne1 Nb5 31. Nc2
Nc3 32. a4 bxa3 33. Nxa3 Na2 34. Nb1 Nc1 35. Nd2 Ke7 36. Ke1
Kd6 37. Kd1 Nd3 38. Ke2 Nc1+ 39. Kd1 Nd3 40. Ke2 Nc1+ 41. Kd1
1/2-1/2

[Event "Israel Open Ch"]
[Site "Tel Aviv ISR"]
[Date "2001.04.15"]
[EventDate "2001.04.09"]
[Round "7"]
[Result "1/2-1/2"]
[White "Antoaneta Stefanova"]
[Black "Lev Psakhis"]
[WhiteElo "2473"]
[BlackElo "2575"]
[PlyCount "32"]

1. Nf3 Nf6 2. g3 b6 3. Bg2 Bb7 4. O-O c5 5. c4 g6 6. d4 cxd4
7. Qxd4 Bg7 8. Nc3 d6 9. Rb1 Nbd7 10. b3 Rc8 11. Bb2 O-O
12. Qd2 a6 13. Rfe1 Nc5 14. Nd5 Nce4 15. Qd3 b5 16. Nd2 Nc5
1/2-1/2

[Event "Israel Open Ch"]
[Site "Tel Aviv ISR"]
[Date "2001.04.16"]
[EventDate "2001.04.09"]
[Round "8"]
[Result "1-0"]
[White "Igor Khenkin"]
[Black "Antoaneta Stefanova"]
[WhiteElo "2609"]
[BlackElo "2473"]
[PlyCount "83"]

1. d4 d5 2. c4 c6 3. e3 Bf5 4. cxd5 cxd5 5. Qb3 Qc7 6. Bb5+
Bd7 7. Nc3 e6 8. Nf3 a6 9. Bd3 Nc6 10. O-O Nf6 11. e4 Nb4
12. e5 Nxd3 13. exf6 Nxc1 14. Raxc1 Qd6 15. Rfe1 Bc6 16. fxg7
Bxg7 17. Na4 O-O 18. Nc5 b6 19. Qxb6 Rfb8 20. Qa5 Rxb2 21. Qc3
Rb6 22. Ne5 Be8 23. f4 Rab8 24. h4 Rb2 25. a4 Qd8 26. Qg3 a5
27. Kh2 Kh8 28. f5 exf5 29. Rf1 Bh6 30. Rxf5 f6 31. Rcf1 R8b6
32. Ned7 Bxd7 33. Rxd5 Qa8 34. Rxd7 Rd2 35. Ne4 Re2 36. Nd6
Rxd6 37. Rxd6 Bg7 38. Rd7 Qg8 39. Rb1 Re8 40. Rbb7 Bh6
41. Rxh7+ Qxh7 42. Rxh7+ 1-0

[Event "2nd ch-EUR Women"]
[Site "Warsaw POL"]
[Date "2001.04.22"]
[EventDate "2001.04.22"]
[Round "1"]
[Result "1-0"]
[White "Antoaneta Stefanova"]
[Black "Jana Krivec"]
[WhiteElo "2473"]
[BlackElo "2265"]
[PlyCount "119"]

1. Nf3 Nf6 2. g3 d5 3. Bg2 c5 4. O-O Nc6 5. d4 e6 6. c4 dxc4
7. Ne5 Nxe5 8. dxe5 Qxd1 9. Rxd1 Nd7 10. f4 Rb8 11. a4 Be7
12. Na3 O-O 13. Nxc4 Rd8 14. Be3 b6 15. Bc6 Nf8 16. Rxd8 Bxd8
17. Nd6 Bd7 18. Bxd7 Nxd7 19. Rd1 Nf8 20. Nb5 a6 21. Na7 Bc7
22. Nc6 Rb7 23. b4 cxb4 24. Nxb4 b5 25. Nxa6 bxa4 26. Ra1 Bb6
27. Bxb6 Rxb6 28. Rxa4 f6 29. exf6 gxf6 30. Nc5 Kg7 31. Ra7+
Kg6 32. g4 Rc6 33. Nd3 Rd6 34. Kf2 h5 35. g5 Nd7 36. h4 e5
37. gxf6 Kxf6 38. fxe5+ Nxe5 39. Nxe5 Kxe5 40. Ra5+ Kf4
41. Rxh5 Kg4 42. Rh8 Rf6+ 43. Ke1 Re6 44. Kf2 Rf6+ 45. Kg2 Re6
46. Rg8+ Kxh4 47. Kf3 Kh5 48. e3 Re7 49. Kf4 Kh6 50. e4 Kh7
51. Rg4 Re8 52. Kf5 Rf8+ 53. Ke6 Rf1 54. e5 Rf2 55. Ke7 Re2
56. e6 Re1 57. Kf7 Rf1+ 58. Ke8 Re1 59. e7 Re2 60. Rd4 1-0

[Event "2nd ch-EUR Women"]
[Site "Warsaw POL"]
[Date "2001.04.23"]
[EventDate "2001.04.22"]
[Round "2"]
[Result "0-1"]
[White "Irina Slavina Turova"]
[Black "Antoaneta Stefanova"]
[WhiteElo "2333"]
[BlackElo "2473"]
[PlyCount "78"]

1. d4 d5 2. c4 c6 3. Nf3 Nf6 4. Nc3 a6 5. Ne5 Nbd7 6. cxd5
Nxe5 7. dxe5 Nxd5 8. e4 Nb6 9. Qxd8+ Kxd8 10. Be3 Nd7
11. O-O-O e6 12. Bb6+ Ke8 13. Bc7 Bc5 14. Rd2 b5 15. g3 h5
16. h4 Bb7 17. Bg2 Rc8 18. Bd6 Ba7 19. Rhd1 c5 20. Kb1 c4
21. f4 Nc5 22. a3 Bc6 23. Bc7 Nb7 24. Bd6 a5 25. f5 Rd8
26. fxe6 fxe6 27. Bh3 Rh6 28. Bc7 Rxd2 29. Rxd2 b4 30. axb4
axb4 31. Nd5 exd5 32. exd5 Ba4 33. e6 c3 34. bxc3 bxc3 35. Ra2
c2+ 36. Rxc2 Bxc2+ 37. Kxc2 Bc5 38. Be5 Kf8 39. Bf4 Rf6 0-1

[Event "2nd ch-EUR Women"]
[Site "Warsaw POL"]
[Date "2001.04.25"]
[EventDate "2001.04.22"]
[Round "4"]
[Result "1/2-1/2"]
[White "Antoaneta Stefanova"]
[Black "Rena Graf"]
[WhiteElo "2473"]
[BlackElo "2353"]
[PlyCount "111"]

1. Nf3 d5 2. g3 c6 3. Bg2 Bg4 4. O-O Nd7 5. d3 e6 6. Nbd2 Ngf6
7. Qe1 Be7 8. e4 O-O 9. e5 Ne8 10. Nd4 Qb6 11. N4b3 a5 12. a4
Bb4 13. Kh1 f6 14. f3 Bf5 15. g4 Bg6 16. exf6 Rxf6 17. f4 Nc7
18. Qe2 Bd6 19. Nf3 Bxf4 20. Bxf4 Rxf4 21. Ne5 Rxf1+ 22. Rxf1
Nxe5 23. Qxe5 Rf8 24. Rxf8+ Kxf8 25. Qd6+ Kf7 26. h4 Ne8
27. Qd7+ Kf8 28. d4 Qc7 29. Qxe6 b6 30. Nd2 Qf4 31. Nf3 Be4
32. Ng1 Bxg2+ 33. Kxg2 Qxd4 34. Nh3 Qf6 35. Qc8 c5 36. Ng5 Qg6
37. c3 h6 38. Nf3 Qe4 39. g5 hxg5 40. hxg5 d4 41. cxd4 cxd4
42. Qc4 Nd6 43. Qxd4 Qxd4 44. Nxd4 Ne4 45. Kf3 Nxg5+ 46. Kf4
Nf7 47. Ne6+ Ke7 48. Nxg7 Kd6 49. Ne8+ Kc5 50. Nc7 Nd6 51. b3
Nc8 52. Na6+ Kd4 53. b4 axb4 54. Nxb4 Kc4 55. Nc6 Kc5 56. Ne5
1/2-1/2

[Event "2nd ch-EUR Women"]
[Site "Warsaw POL"]
[Date "2001.04.26"]
[EventDate "2001.04.22"]
[Round "5"]
[Result "1/2-1/2"]
[White "Joanna Dworakowska"]
[Black "Antoaneta Stefanova"]
[WhiteElo "2360"]
[BlackElo "2473"]
[PlyCount "26"]

1. e4 e5 2. Nf3 Nc6 3. d4 exd4 4. Nxd4 Bc5 5. Be3 Qf6 6. c3
Nge7 7. g3 d5 8. Bg2 Nxd4 9. cxd4 Bb4+ 10. Nc3 Bxc3+ 11. bxc3
dxe4 12. Bxe4 c6 13. Qf3 Bf5 1/2-1/2